All TNA Wrestling Title Winners - Statistics

General Stats
  • This quiz has been taken 591 times
    2 since last reset
  • The average score is 271 of 359
Answer Stats
Title Champion % Correct
NWA World Heavyweight | NWA World Tag Team | TNA Television | +2 others Abyss
100%
NWA World Heavyweight | NWA World Tag Team | TNA Legends | +4 others AJ Styles
100%
Impact World Alberto El Patron
100%
Impact World | Impact World Tag Team | TNA World Tag Team | TNA X-Division Alex Shelley
100%
TNA Knockouts Tag Team Alisha Edwards
100%
TNA Knockouts Allie
100%
TNA Knockouts | TNA Knockouts Tag Team Angelina Love
100%
Impact Grand | TNA World Heavyweight | TNA World Tag Team | TNA X-Division Austin Aries
100%
TNA Knockouts | TNA Knockouts Tag Team Awesome Kong
100%
NWA World Tag Team BG James
100%
TNA King of the Mountain | TNA World Heavyweight | TNA X-Division Bobby Lashley
100%
NWA World Tag Team | TNA King of the Mountain | TNA World Heavyweight | TNA World Tag Team Bobby Roode
100%
TNA Legends | TNA World Tag Team Booker T
100%
NWA World Tag Team | TNA World Tag Team Brother Devon
100%
NWA World Tag Team | TNA World Tag Team Brother Ray
100%
TNA World Heavyweight Bully Ray
100%
TNA World Tag Team Chavo Guerrero
100%
NWA World Tag Team Chris Harris
100%
Impact World Tag Team | TNA World Heavyweight | TNA World Tag Team | TNA X-Division Chris Sabin
100%
NWA World Tag Team | TNA World Tag Team | TNA X-Division Christopher Daniels
100%
TNA Digital Media | TNA World Tag Team Crazzy Steve
100%
Impact World Tag Team Dave Crist
100%
TNA World Tag Team Davey Richards
100%
TNA Television Devon
100%
Impact World Tag Team DJZ
100%
TNA Television | TNA World Tag Team | TNA X-Division Douglas Williams
100%
Impact World | TNA World Heavyweight | TNA World Tag Team | TNA X-Division Eddie Edwards
100%
NWA World Tag Team Elix Skipper
100%
Impact World | NWA World Tag Team | TNA Global | +6 others Eric Young
100%
Impact Grand | TNA World Heavyweight Ethan Carter III
100%
Impact X-Division | TNA International | TNA World | +2 others Frankie Kazarian
100%
TNA Knockouts | TNA Knockouts Tag Team Gail Kim
100%
NWA World Tag Team | TNA World Tag Team Hernandez
100%
Impact World Tag Team | Impact X-Division Jake Crist
100%
NWA World Tag Team | TNA King of the Mountain | TNA World Heavyweight | TNA World Tag Team James Storm
100%
Impact World Tag Team Jay Briscoe
100%
TNA World Tag Team | TNA X-Division Jay Lethal
100%
NWA World Heavyweight | TNA King of the Mountain Jeff Jarrett
100%
NWA World Tag Team | TNA X-Division Jerry Lynn
100%
Impact Knockouts Tag Team Jessicka
100%
TNA World Tag Team Jessie Godderz
100%
Impact World Tag Team Joe Doering
100%
Impact World Johnny Impact
100%
Impact World Tag Team Karl Anderson
100%
Impact Digital Media | TNA X-Division Kenny King
100%
NWA World Heavyweight Ken Shamrock
100%
TNA Legends | TNA World Tag Team Kevin Nash
100%
Impact Knockouts Tag Team Kiera Hogan
100%
Impact Knockouts Tag Team KiLynn King
100%
NWA World Tag Team Konnan
100%
TNA World Heavyweight | TNA World Tag Team | TNA X-Division Kurt Angle
100%
NWA World Tag Team | TNA X-Division Low Ki
100%
TNA World Heavyweight | TNA World Tag Team Magnus
100%
TNA X-Division Manik
100%
TNA Knockouts Maria Kanellis-Bennett
100%
Impact World Tag Team Mark Briscoe
100%
Impact Knockouts Tag Team | TNA Knockouts | TNA Knockouts Tag Team Masha Slamovich
100%
TNA Legends | TNA World Heavyweight Mick Foley
100%
TNA Knockouts Mickie James
100%
Impact World Tag Team | TNA X-Division Mike Bennett
100%
Impact Grand | Impact World | TNA X-Division Moose
100%
TNA World Heavyweight Mr. Anderson
100%
TNA Knockouts | TNA Knockouts Tag Team ODB
100%
TNA X-Division Petey Williams
100%
NWA World Heavyweight Raven
100%
Impact World Tag Team | NWA World Heavyweight Rhino
100%
TNA Television | TNA World Tag Team | TNA X-Division Robbie E
100%
TNA Global Rob Terry
100%
TNA World Heavyweight | TNA X-Division Rob Van Dam
100%
TNA X-Division Rockstar Spud
100%
NWA World Heavyweight | TNA World Tag Team Ron Killings
100%
Impact Knockouts Tag Team | TNA Knockouts Rosemary
100%
Impact World Sami Callihan
100%
TNA Television | TNA World Heavyweight | TNA World Tag Team | TNA X-Division Samoa Joe
100%
TNA World Tag Team Scott Hall
100%
NWA World Tag Team Slash
100%
NWA World Heavyweight | TNA World Heavyweight | TNA World Tag Team Sting
100%
TNA X-Division Suicide
100%
Impact Knockouts | Impact Knockouts Tag Team Taya Valkyrie
100%
Impact Knockouts | Impact World Tessa Blanchard
100%
Impact X-Division TJP
100%
TNA World Trick Williams
100%
TNA Knockouts | TNA Knockouts Tag Team Velvet Sky
100%
TNA X-Division Zema Ion
100%
Impact World Tag Team | Impact X-Division Ace Austin
50%
TNA Digital Media AJ Francis
50%
TNA World Tag Team Anarquia
50%
Impact World Tag Team Andrew Everett
50%
NWA World Tag Team Apolo
50%
TNA Knockouts Arianna Grace
50%
Impact Grand Aron Rex
50%
TNA Knockouts | TNA Knockouts Tag Team Ash by Elegance
50%
TNA World Tag Team Bear Bronson
50%
TNA King of the Mountain Bram
50%
Impact World | Impact X-Division Brian Cage
50%
NWA World Tag Team Brian Lee
50%
Impact Digital Media | TNA World Tag Team Brian Myers
50%
TNA Knockouts | TNA Knockouts Tag Team Brooke Tessmacher
50%
Impact Knockouts Tag Team Cassie Lee
50%
TNA International Channing "Stacks" Lorenzo
50%
Impact Knockouts Tag Team Chelsea Green
50%
Impact World Tag Team | Impact X-Division Chris Bey
50%
Impact World | NWA World Heavyweight Christian Cage
50%
TNA World Tag Team Consequences Creed
50%
TNA World Tag Team Crimson
50%
TNA Knockouts Tag Team Dani Luna
50%
Impact World Tag Team David Finlay
50%
Impact Knockouts | Impact Knockouts Tag Team Deonna Purrazzo
50%
NWA World Tag Team D'Lo Brown
50%
Impact World Tag Team Doc Gallows
50%
Impact Grand | TNA World Heavyweight Drew Galloway
50%
Impact World | Impact World Tag Team | TNA King of the Mountain Eli Drake
50%
NWA World Tag Team Elix Skipper
50%
Impact World Tag Team Ethan Page
50%
Impact World Tag Team Fenix
50%
Impact World Tag Team Flash Morgan Webster
50%
TNA Television | TNA World Tag Team Gunner
50%
TNA Knockouts Tag Team Hamada
50%
Impact Knockouts Tag Team | TNA Knockouts Havok
50%
Impact World Tag Team Heath
50%
TNA Knockouts Tag Team Heather by Elegance
50%
NWA World Tag Team | TNA World Tag Team | TNA X-Division Homicide
50%
TNA Knockouts Jacy Jayne
50%
TNA Knockouts Jade
50%
TNA World Heavyweight | TNA World Tag Team Jeff Hardy
50%
Impact Knockouts Tag Team Jessie McKay
50%
TNA Knockouts Tag Team Jody Threat
50%
Impact Digital Media | TNA World Joe Hendry
50%
TNA X-Division Johnny Devine
50%
NWA World Tag Team Johnny Swinger
50%
Impact Digital Media | Impact Knockouts | Impact Knockouts Tag Team Jordynne Grace
50%
Impact World | Impact World Tag Team | Impact X-Division Josh Alexander
50%
Impact Grand Josh Mathews
50%
Impact World Tag Team Juice Robinson
50%
TNA Knockouts Kelani Jordan
50%
Impact World Kenny Omega
50%
NWA World Tag Team Kevin Northcutt
50%
NWA World Tag Team | TNA X-Division Kid Kash
50%
Impact Knockouts Tag Team Killer Kelly
50%
TNA Knockouts Tag Team Lacey Von Erich
50%
Impact Knockouts Laurel Van Ness
50%
TNA Knockouts Lei Ying Lee
50%
TNA X-Division Leon Slater
50%
Impact X-Division Lio Rush
50%
Impact Knockouts Tag Team | TNA Knockouts | TNA Knockouts Tag Team Madison Rayne
50%
Impact World Tag Team Mark Andrews
50%
Impact Digital Media Matt Cardona
50%
TNA World Heavyweight | TNA World Tag Team Matt Hardy
50%
TNA World Tag Team Matt Morgan
50%
Impact Grand | Impact X-Division Matt Sydal
50%
Impact World Tag Team Matt Taven
50%
Impact X-Division Mike Bailey
50%
TNA World Mike Santana
50%
TNA International | TNA X-Division Mustafa Ali
50%
TNA World | TNA World Tag Team Nic Nemeth
50%
Impact World Tag Team Ortiz
50%
TNA World Tag Team Pacman Jones
50%
TNA Digital Media PCO
50%
Impact World Pentagon Jr.
50%
Impact World Tag Team Pentagon Jr
50%
Impact Knockouts Tag Team Rachael Ellering
50%
Impact Digital Media | Impact World | Impact X-Division Rich Swann
50%
Impact X-Division Rohit Raju
50%
TNA Knockouts Tag Team Rosita
50%
TNA World Tag Team Ryan Nemeth
50%
TNA X-Division Sanada
50%
Impact World Tag Team Santana
50%
TNA Knockouts Tag Team Sarita
50%
Impact World Tag Team | TNA World Tag Team Scott Steiner
50%
TNA X-Division Sheik Abdul Bashir
50%
TNA Knockouts Sienna
50%
NWA World Tag Team Simon Diamond
50%
Impact X-Division Sonjay Dutt
50%
TNA X-Division Sonny Siaki
50%
TNA Digital Media Steph De Lander
50%
Impact World | TNA International Steve Maclin
50%
Impact Knockouts Su Yung
50%
TNA X-Division Syxx-Pac
50%
Impact X-Division Taiji Ishimori
50%
TNA Knockouts | TNA Knockouts Tag Team Tara
50%
TNA Knockouts Taryn Terrell
50%
Impact Knockouts | Impact Knockouts Tag Team Tasha Steelz
50%
Impact Knockouts Tag Team | TNA Knockouts | TNA Knockouts Tag Team Taylor Wilde
50%
Impact Knockouts Tag Team Tenille Dashwood
50%
TNA X-Division Tigre Uno
50%
TNA World Tag Team Tomko
50%
Impact Digital Media Tommy Dreamer
50%
Impact X-Division | TNA World Tag Team | TNA X-Division Trevor Lee
50%
Impact World Tag Team | Impact X-Division | TNA International Trey Miguel
50%
Impact Knockouts Trinity
50%
Impact X-Division Willie Mack
50%
TNA Knockouts | TNA Knockouts Tag Team Winter
50%
Impact World Tag Team | TNA X-Division Zachary Wentz
50%
NWA World Tag Team | TNA X-Division Amazing Red
0%
NWA World Tag Team Andy Douglas
0%
TNA X-Division Brian Kendrick
0%
NWA World Tag Team Chase Stevens
0%
NWA World Tag Team Dallas
0%
NWA World Tag Team Joe Legend
0%
TNA Digital Media Laredo Kid
0%
TNA X-Division Michael Shane
0%
TNA King of the Mountain PJ Black
0%
No matching quizzes found
Score Distribution
Percent of People with Each Score
Percentile by Number Answered
Your Score History
You have not taken this quiz since the last reset